[Event "Challenge"]
[Site "http://www.queenalice.com/game.php?id=349999"]
[Date "2008.2.7"]
[Round "-"]
[White "CesarLMarques"]
[Black "anderson"]
[Result "1-0"]
[WhiteElo "2356"]
[BlackElo "1830"]

1. e4 e5 2. Nf3 Nc6 3. Bb5 a6 4. Ba4 Nf6 5. O-O Be7 6. Nc3 O-O 7. d3 b5 8. Bb3
d6 9. a4 b4 10. Nd5 h6 11. Bd2 a5 12. c3 Bg4 13. h3 Bh5 14. cxb4 axb4 15. g4 Bg6
16. Re1 h5 17. Nxe7+ Nxe7 18. g5 Nd7 19. Bxb4 Kh8 20. a5 Nc6 21. Bc3 Nc5 22. Bd5
Qd7 23. d4 exd4 24. Nxd4 Ne5 25. Bxa8 Rxa8 26. Nf3 Ned3 27. Re3 Nf4 28. Qd4
Nxh3+ 29. Kh2 Ne6 30. Qd2 Nexg5 31. Nxg5 Nxg5 32. Qd5 Re8 33. Qxg5 Qe7 34. Qh6+
1-0

[Event "Challenge"]
[Site "http://www.queenalice.com/game.php?id=350001"]
[Date "2008.2.7"]
[Round "-"]
[White "anderson"]
[Black "CesarLMarques"]
[Result "0-1"]
[WhiteElo "1832"]
[BlackElo "2349"]

1. e4 e5 2. Nf3 Nc6 3. Bb5 Bc5 4. Nc3 d6 5. d4 exd4 6. Nxd4 Bd7 7. Nxc6 bxc6 8.
Bc4 Nf6 9. O-O O-O 10. Bg5 h6 11. Bh4 Re8 12. Re1 Bg4 13. Bxf6 Bxf2+ 14. Kh1
Bxd1 15. Bxd8 Bxe1 16. Bxc7 Bxc3 17. Rxd1 Bxb2 18. Bd3 Be5 19. g3 a5 20. Bc4 d5
21. Bxe5 dxc4 22. Bc7 Rxe4 23. Rd6 Re1+ 24. Kg2 Re2+ 25. Kf3 Rxc2 26. Rxc6 Rxa2
27. Rxc4 Rxh2 28. Ra4 Rh5 29. g4 Rb5 30. Bd6 Rd8 31. Bc7 Rd7 32. Rxa5 Rb3+ 33.
Ke4 Rb4+ 0-1

[Event "AUTO-ADV-809"]
[Site "http://www.queenalice.com/game.php?id=357341"]
[Date "2008.2.19"]
[Round "1"]
[White "mariolusena"]
[Black "anderson"]
[Result "1-0"]
[WhiteElo "2205"]
[BlackElo "1825"]

1. d4 d5 2. c4 e6 3. Nf3 Nf6 4. Nc3 Nc6 5. Bf4 Bb4 6. a3 Ba5 7. b4 Nxb4 8. axb4
Bxb4 9. Qa4+ Bd7 10. Qxb4 b6 11. Bg5 c6 12. Ne5 dxc4 13. Qxc4 Qc7 14. Bxf6 gxf6
15. Ng4 Ke7 16. d5 Qd6 17. dxc6 Bxc6 18. Qb3 h5 19. Ne3 f5 20. Qb2 f6 21. Rc1
Rab8 22. Ned1 1-0

[Event "AUTO-ADV-809"]
[Site "http://www.queenalice.com/game.php?id=357342"]
[Date "2008.2.19"]
[Round "1"]
[White "anderson"]
[Black "mariolusena"]
[Result "0-1"]
[WhiteElo "1823"]
[BlackElo "2204"]

1. e4 c5 2. Nf3 Nc6 3. d4 cxd4 4. Nxd4 Nf6 5. Nc3 a6 6. Bc4 Qb6 7. Nxc6 bxc6 8.
O-O e6 9. b3 Bb7 10. Be3 Qc7 11. Na4 Bd6 12. f4 Nxe4 13. Bd3 c5 14. c4 O-O 15.
Bxe4 Bxe4 16. Nc3 Bc6 17. Qd3 Rae8 18. Ne2 e5 19. Qf5 exf4 20. Bxf4 Rxe2 21. Rf2
Rxf2 22. Kxf2 Bxf4 23. g3 Be5 24. Re1 Re8 0-1

[Event "AUTO-ADV-809"]
[Site "http://www.queenalice.com/game.php?id=357353"]
[Date "2008.2.19"]
[Round "1"]
[White "aragats"]
[Black "anderson"]
[Result "0-1"]
[WhiteElo "1829"]
[BlackElo "1776"]

1. e4 e5 2. Nf3 Nc6 3. Bc4 Bc5 4. Nc3 d6 5. d3 Na5 6. Bb3 Nxb3 7. axb3 h6 8. O-O
Nf6 9. h3 O-O 10. Re1 a6 11. Be3 Bb4 12. Ra4 c5 13. g4 Bd7 14. Ra1 b5 15. Bd2
Bc6 16. Ne2 a5 17. c3 Re8 18. cxb4 axb4 19. Qc2 Bb7 20. Kg2 Qc8 21. Rxa8 Bxa8
22. Rc1 Nxg4 23. hxg4 Qxg4+ 24. Ng3 f5 25. exf5 Qxf3+ 26. Kg1 Qg2# 0-1

[Event "AUTO-ADV-809"]
[Site "http://www.queenalice.com/game.php?id=357354"]
[Date "2008.2.19"]
[Round "1"]
[White "anderson"]
[Black "aragats"]
[Result "1-0"]
[WhiteElo "1755"]
[BlackElo "1870"]

1. e4 e5 2. Nf3 Nf6 3. Nc3 Nc6 4. d3 Bc5 5. Bg5 h6 6. Bh4 g5 7. Bg3 d6 8. h4 g4
9. Nd2 Bd7 10. Na4 Bd4 11. Rb1 Qe7 12. Nb3 Bb6 13. Nxb6 axb6 14. a3 h5 15. Be2
Ra4 16. O-O Be6 17. c3 Na5 18. Nd4 exd4 19. Qxa4+ Bd7 20. Qxd4 c5 21. Qxd6 Qe6
22. b4 1-0

[Event "AUTO-ADV-809"]
[Site "http://www.queenalice.com/game.php?id=357361"]
[Date "2008.2.19"]
[Round "1"]
[White "anderson"]
[Black "PedroNRF"]
[Result "1-0"]
[WhiteElo "1833"]
[BlackElo "1765"]

1. e4 e5 2. Nf3 Nc6 3. Bb5 a6 4. Ba4 b5 5. Bb3 a5 6. a4 b4 7. d4 Qf6 8. Bg5 Qd6
9. c3 Ba6 10. d5 f6 11. Bd2 Nd8 12. Be3 Nb7 13. Nbd2 bxc3 14. bxc3 Nc5 15. Bc4
Nd3+ 16. Bxd3 Bxd3 17. Qb3 Qa6 18. c4 Bb4 19. Qxd3 Ne7 20. O-O Ng6 21. Nb3 O-O
22. Nc5 Bxc5 23. Bxc5 Nf4 24. Qc2 d6 25. Be3 g5 26. h3 Rf7 27. Rab1 c6 28. Rb6
Nxh3+ 29. gxh3 Qc8 30. Rxc6 Qxh3 31. Nh2 g4 32. Kh1 Rd7 33. Rg1 h5 34. c5 Rf8
35. cxd6 Rdf7 36. Rc7 Qh4 37. d7 f5 38. Bh6 Rd8 39. exf5 Kh8 40. Rg3 Qf6 41. Be3
Rdxd7 42. Rc5 Qd6 43. Rxa5 Rf8 44. f3 Qb4 45. Bd2 Qd4 46. Bc3 Qf4 47. Qe4 Qc1+
48. Qe1 Qxe1+ 49. Bxe1 Rxf5 50. fxg4 Rg5 51. Rc5 e4 52. a5 Rh7 53. Kg2 hxg4 54.
Nxg4 Rb7 55. Bc3+ 1-0

[Event "AUTO-ADV-809"]
[Site "http://www.queenalice.com/game.php?id=357362"]
[Date "2008.2.19"]
[Round "1"]
[White "PedroNRF"]
[Black "anderson"]
[Result "0-1"]
[WhiteElo "1779"]
[BlackElo "1834"]

1. d4 d5 2. Bf4 Nf6 3. Nc3 e6 4. a3 c5 5. Nb5 Qa5+ 6. Nc3 Ne4 7. b4 cxb4 8. axb4
Qxb4 9. Bd2 Nxc3 10. Qc1 Nc6 11. e3 Be7 12. Ne2 Nxe2 13. Bxe2 Qd6 14. f4 O-O 15.
O-O a5 16. Bb5 b6 17. Qb1 Bb7 18. h3 Nb4 19. c3 Na6 20. Bc1 Nc7 21. Ba3 Qd8 22.
Bd3 Bxa3 23. Rxa3 Ba6 24. Bxh7+ Kh8 25. Bd3 Qc8 26. Rd1 Rb8 27. Kh2 Qd7 28. Bxa6
Nxa6 29. Rd2 Qe7 30. Rda2 Qc7 31. Rb2 g6 32. Qe1 Qd6 33. Ra1 Nc7 34. Kg1 Qc6 35.
Qb1 Qxc3 36. Rb3 Qc6 37. Qb2 Kg7 38. Rc1 Qd6 39. Qe2 a4 40. Rbc3 Rfc8 41. Qd3
Qd7 42. Qb1 b5 43. R3c2 b4 44. Qb2 b3 45. Rc6 Ne8 46. R6c5 Nd6 47. Rxc8 Rxc8 48.
Re1 Rc2 49. Qb1 Ne4 50. g4 Qb5 51. Kh1 Qd3 52. Qd1 Nf2+ 0-1

[Event "Challenge"]
[Site "http://www.queenalice.com/game.php?id=389662"]
[Date "2008.4.18"]
[Round "-"]
[White "anderson"]
[Black "SmartPatzer"]
[Result "1-0"]
[WhiteElo "1821"]
[BlackElo "1688"]

1. e4 e6 2. d4 d5 3. Nc3 Nf6 4. Bg5 Be7 5. exd5 Nxd5 6. Bxe7 Qxe7 7. Nf3 Nxc3 8.
bxc3 Nc6 9. Bb5 Bd7 10. O-O a6 11. Ba4 b5 12. Bb3 Na5 13. Re1 Nxb3 14. cxb3 O-O
15. d5 Qc5 16. Ne5 Rad8 17. c4 exd5 18. cxd5 Be6 19. Nc6 Rxd5 20. Qc1 Qd6 21.
Na5 Rc5 22. Qe3 b4 23. Nb7 1-0

[Event "Challenge"]
[Site "http://www.queenalice.com/game.php?id=389663"]
[Date "2008.4.18"]
[Round "-"]
[White "SmartPatzer"]
[Black "anderson"]
[Result "1-0"]
[WhiteElo "1863"]
[BlackElo "1848"]

1. e4 e5 2. Nc3 Nc6 3. g3 Nf6 4. Bg2 Bb4 5. a3 Ba5 6. b4 Bb6 7. Na4 d6 8. Nxb6
axb6 9. Ne2 O-O 10. O-O Be6 11. d4 d5 12. dxe5 Nxe5 13. f4 Nc4 14. e5 Ng4 15.
Qd4 c6 16. f5 Ngxe5 17. fxe6 fxe6 18. Nf4 Qe7 19. Bh3 c5 20. bxc5 bxc5 21. Bxe6+
Kh8 22. Qxd5 b6 23. Bb2 Nxb2 24. Qxe5 Nc4 25. Qh5 Rxf4 26. Rxf4 Qxe6 27. Qf3 Rg8
28. Qb3 Qe5 29. Rd1 Qe2 30. Rdf1 Qe3+ 31. Qxe3 Nxe3 32. R1f2 h6 33. Rf8 Kh7 34.
Rxg8 Kxg8 35. Re2 Nc4 36. a4 Kf7 37. Kf2 Kf6 38. c3 Ne5 39. h3 g6 40. Re4 h5 41.
Rf4+ Ke6 42. Ke3 g5 43. Re4 Kd5 44. h4 g4 45. Kf4 Nf3 46. Re8 Kc4 47. Rb8 Kxc3
48. Rxb6 c4 49. a5 Kd3 50. a6 c3 51. a7 c2 52. Rc6 1-0

[Event "Challenge"]
[Site "http://www.queenalice.com/game.php?id=439606"]
[Date "2008.7.27"]
[Round "-"]
[White "anderson"]
[Black "ousado"]
[Result "1-0"]
[WhiteElo "1846"]
[BlackElo "1781"]

1. e4 e5 2. Nf3 Nc6 3. Bb5 Nf6 4. d3 d6 5. h3 Bd7 6. Bg5 Be7 7. O-O O-O 8. Nc3
a6 9. Ba4 b5 10. Bb3 Be6 11. Bxf6 Bxf6 12. Nd5 Bxd5 13. Bxd5 Qd7 14. d4 Rad8 15.
c3 Nb8 16. dxe5 dxe5 17. Nh2 c6 18. Bb3 Qe7 19. Qe2 Nd7 20. Rad1 Nc5 21. Bc2 Qe6
22. b4 Na4 23. Bxa4 bxa4 24. Qxa6 Ra8 25. Qe2 a3 26. Ng4 Bg5 27. c4 Ra4 28. Rb1
Qe7 29. c5 Rb8 30. b5 Qxc5 31. bxc6 Rxb1 32. Rxb1 Rb4 33. Rxb4 1-0

[Event "AUTO-ADV-1101"]
[Site "http://www.queenalice.com/game.php?id=490121"]
[Date "2008.11.8"]
[Round "1"]
[White "mauricio_sm"]
[Black "anderson"]
[Result "1-0"]
[WhiteElo "1799"]
[BlackElo "1859"]

1. d4 Nf6 2. Nf3 d5 3. Nc3 g6 4. e4 dxe4 5. Ng5 Bf5 6. g3 Bg7 7. Bg2 O-O 8.
Ngxe4 Nc6 9. Be3 Nxe4 10. a3 Nxc3 11. bxc3 Qd7 12. O-O a6 13. d5 1-0

[Event "AUTO-ADV-1101"]
[Site "http://www.queenalice.com/game.php?id=490122"]
[Date "2008.11.8"]
[Round "1"]
[White "anderson"]
[Black "mauricio_sm"]
[Result "0-1"]
[WhiteElo "1841"]
[BlackElo "1817"]

1. e4 e5 2. Nf3 d6 3. d4 Bg4 4. dxe5 Bxf3 5. Qxf3 dxe5 6. Nc3 Qf6 7. Be2 Nc6 8.
Be3 Bb4 9. Bd2 Nd4 10. Qd3 Ne7 11. Bd1 Bxc3 12. Bxc3 O-O-O 0-1

[Event "AUTO-ADV-1101"]
[Site "http://www.queenalice.com/game.php?id=490135"]
[Date "2008.11.8"]
[Round "1"]
[White "goldenboy"]
[Black "anderson"]
[Result "1/2-1/2"]
[WhiteElo "2079"]
[BlackElo "1864"]

1. e4 c5 2. f4 d5 3. exd5 Qxd5 4. Nc3 Qd8 5. Nf3 Nf6 6. Bb5+ Bd7 7. Bxd7+ Nbxd7
8. O-O e6 9. Kh1 Bd6 10. d4 a6 11. Be3 O-O 12. Ne5 cxd4 13. Bxd4 Bc7 14. Rf3 Bb6
15. Nxd7 Nxd7 16. Rd3 Qc7 17. Bxg7 Kxg7 18. Rxd7 Qxf4 19. Rxb7 Bc7 20. g3 Qe5
21. Qg4+ Kh8 22. Qe4 Rab8 23. Rxb8 Rxb8 24. Qxe5+ Bxe5 25. Nd1 Bxb2 26. Rb1 Be5
27. Rb3 Rxb3 28. axb3 Kg7 29. Ne3 a5 30. Kg2 h6 31. Kf3 f5 32. Nc4 Bc7 33. Ke3
Kf6 34. Na3 Bd6 35. Nc4 Bc7 36. Na3 Kg5 37. Kf3 h5 38. c4 Kf6 39. Nc2 Be5 40. c5
Ke7 41. Ne3 Kd7 42. Nc4 Bc7 43. Ke3 Kc6 44. Kd4 Kb5 45. Nd2 f4 46. Ne4 Kb4 47.
gxf4 Bxf4 48. h3 Kxb3 49. c6 Kb4 50. Nc5 a4 51. Nxe6 a3 52. Nxf4 a2 53. Nd5+ Kb3
54. c7 a1=Q+ 55. Kc5 Qh1 56. h4 Qxh4 57. Kd6 Qg3+ 58. Kd7 Qxc7+ 1/2-1/2

[Event "AUTO-ADV-1101"]
[Site "http://www.queenalice.com/game.php?id=490136"]
[Date "2008.11.8"]
[Round "1"]
[White "anderson"]
[Black "goldenboy"]
[Result "0-1"]
[WhiteElo "1856"]
[BlackElo "2083"]

1. e4 e5 2. Nf3 Nc6 3. Bb5 Bc5 4. c3 Nf6 5. O-O O-O 6. d4 exd4 7. cxd4 Bb6 8. e5
Nd5 9. Bg5 Nce7 10. Nbd2 f6 11. Bh4 Nf5 12. Nc4 Nxh4 13. Nxh4 c6 14. Ba4 fxe5
15. Nxb6 axb6 16. g3 d6 17. Bb3 Kh8 18. Qh5 Qf6 19. Bc2 Qh6 20. Qxh6 gxh6 21.
dxe5 dxe5 22. a3 Bh3 23. Rfe1 Rae8 24. Rad1 Rf7 25. Bb3 Rd7 26. Nf3 e4 27. Nh4
Nf6 28. Ng2 Rd3 29. Nf4 Rxb3 30. Nxh3 Rxb2 31. a4 Ra2 32. Ra1 Rxa1 33. Rxa1 Ra8
34. Kf1 Nd5 35. Ra3 Kg7 36. Ng1 b5 37. Ne2 bxa4 38. Nd4 Kf6 39. Ke2 Ke5 40. Nc2
b5 41. h3 b4 0-1

[Event "AUTO-ADV-1101"]
[Site "http://www.queenalice.com/game.php?id=490145"]
[Date "2008.11.8"]
[Round "1"]
[White "anderson"]
[Black "fire4"]
[Result "1-0"]
[WhiteElo "1824"]
[BlackElo "1830"]

1. e4 b6 2. d4 Bb7 3. Nc3 e6 4. Nf3 c5 5. d5 exd5 6. exd5 h6 7. Bf4 g5 8. Bg3
Bg7 9. Be5 Qe7 10. Qe2 f6 11. Bd6 Qxe2+ 12. Bxe2 f5 13. Be5 Kf7 14. Bxg7 Kxg7
15. O-O-O Nf6 16. Bc4 a6 17. a3 Re8 18. Rhe1 Rxe1 19. Rxe1 Kf8 20. h3 d6 21. Re6
Ne4 22. Nxe4 fxe4 23. Nd2 b5 24. Ba2 c4 25. Rxd6 Ke7 26. Nxe4 Nd7 27. Re6+ Kd8
28. Nf6 Nxf6 29. Rxf6 Bxd5 30. Rd6+ Kc7 31. Rxd5 Re8 32. Kd2 Kc6 33. Rf5 Re6 34.
f3 Kd6 35. b3 cxb3 36. Bxb3 Rg6 37. Kd3 Kc6 38. Re5 Rd6+ 39. Ke4 1-0

[Event "AUTO-ADV-1101"]
[Site "http://www.queenalice.com/game.php?id=490146"]
[Date "2008.11.8"]
[Round "1"]
[White "fire4"]
[Black "anderson"]
[Result "0-1"]
[WhiteElo "1829"]
[BlackElo "1840"]

1. Nf3 Nf6 2. b3 d5 3. Bb2 e6 4. d3 Nc6 5. Nbd2 Be7 6. g3 O-O 7. h4 h6 8. e4
dxe4 9. Nh2 exd3 10. Bxd3 e5 11. Qe2 Bd6 12. O-O-O Re8 13. Ne4 Nxe4 14. Qxe4 f5
15. Qg2 Qe7 16. g4 fxg4 17. Nxg4 Bxg4 18. Qxg4 Ba3 19. Rhg1 Bxb2+ 20. Kxb2 Qf6
21. Kb1 Nd4 22. Qd7 Re7 23. Qd5+ Kh8 24. Qe4 Kg8 25. Qxb7 Rf8 26. Rg2 Qf3 27.
Qxf3 Nxf3 28. h5 e4 29. Bc4+ Kh8 30. Rg4 Ng5 31. Rf1 Nf3 32. Kc1 Nh2 33. Rgg1
Nxf1 34. Rxf1 e3 35. f3 e2 36. Re1 Rxf3 37. Bxe2 Rf5 38. Kd1 Rd5+ 39. Kc1 Rxh5
0-1

[Event "Challenge"]
[Site "http://www.queenalice.com/game.php?id=523105"]
[Date "2009.1.15"]
[Round "-"]
[White "Enroque"]
[Black "anderson"]
[Result "0-1"]
[WhiteElo "1833"]
[BlackElo "1849"]

1. d4 Nf6 2. Nc3 d5 3. Bg5 Nbd7 4. Nf3 e6 5. e3 Be7 6. Bd3 c5 7. dxc5 Nxc5 8.
Bb5+ Bd7 9. O-O O-O 10. Ne5 Bxb5 11. Nxb5 a6 12. Nc3 Nfe4 13. Bxe7 Qxe7 14. Nxe4
Nxe4 15. f3 Nd6 16. Qd3 Rac8 0-1